A lighthearted look at the roadrunner / (Record no. 752)

MARC details
000 -LEADER
fixed length control field 00619cam a2200217 a 4500
005 - DATE AND TIME OF LATEST TRANSACTION
control field 20260322212033.0
008 - FIXED-LENGTH DATA ELEMENTS--GENERAL INFORMATION
fixed length control field data
010 ## - LIBRARY OF CONGRESS CONTROL NUMBER
LC control number 81023170
020 ## - INTERNATIONAL STANDARD BOOK NUMBER
International Standard Book Number 0816507708 (pbk.) :
Terms of availability {dollar}3.95
020 ## - INTERNATIONAL STANDARD BOOK NUMBER
International Standard Book Number 9780816507702 (pbk.) :
Terms of availability {dollar}3.95
040 ## - CATALOGING SOURCE
Original cataloging agency DLC
Transcribing agency DLC
Modifying agency DLC
050 00 - LIBRARY OF CONGRESS CALL NUMBER
Classification number QL696.C83
Item number W33 1982
082 00 - DEWEY DECIMAL CLASSIFICATION NUMBER
Classification number 598/.74
Edition information 19
092 ## - LOCALLY ASSIGNED DEWEY CALL NUMBER (OCLC)
Classification number 598.74 W33 1982
001 - CONTROL NUMBER
control field data
100 1# - MAIN ENTRY--PERSONAL NAME
Personal name Waggin, Chuck.
245 12 - TITLE STATEMENT
Title A lighthearted look at the roadrunner /
Statement of responsibility, etc. Chuck Waggin.
260 ## - PUBLICATION, DISTRIBUTION, ETC.
Place of publication, distribution, etc. Tucson, Ariz. :
Name of publisher, distributor, etc. University of Arizona Press,
Date of publication, distribution, etc. c1982.
300 ## - PHYSICAL DESCRIPTION
Extent [80] p. :
Other physical details ill. ;
Dimensions 16 x 23 cm.
650 #0 - SUBJECT ADDED ENTRY--TOPICAL TERM
Topical term or geographic name entry element Roadrunner.
Holdings
Withdrawn status Lost status Damaged status Not for loan Home library Current library Shelving location Date acquired Total checkouts Full call number Barcode Date last seen Price effective from Koha item type
        Centerville Centerville General stacks 22/03/2026   598/.74 19 BC0010771 22/03/2026 22/03/2026 Books